| 000 | 00405nam a2200109Ia 4500 | ||
|---|---|---|---|
| 008 | 170221s9999 xx 000 0 und d | ||
| 100 | _aFlorian Gamper | ||
| 245 | _aCredit Default Swaps and the Empty Creditor Hypothesis—If it Ain’t Broke, Don’t Fix it | ||
| 245 | _cFlorian Gamper | ||
| 650 | _xBusiness | ||
| 856 | _uhttp://digitalcommons.pepperdine.edu/cgi/viewcontent.cgi?article=1142&context=jbel | ||
| 999 |
_c307518 _d307518 |
||